Quizzes
Events
Quiz Creation
Community
Videos
Private Events
Remove Ads
Sign In
Join for FREE
Feedback
Dark Mode
Quiz Categories
Sports
Geography
Music
Movies
Television
Just For Fun
Miscellaneous
History
Literature
Language
Science
Gaming
Entertainment
Religion
Holiday
For Kids
Quiz Lab
Recent
Popular Today
Quiz Kudos Today
Editor Picks
Curator Picks
Quizzes by...
Day
Popularity
Type
Ratings
Length
Year
Community
Subscriptions
Recent Discussions
Orange Saloon
Badges
Playlists
Quests
Create
Leaderboards
Showdown
Live 5
Trivia Bingo
Activity
Puzzle Library
Sporcle Events
Private Events
Virtual Trivia
Globe League
Become a Host
Pub Owners
SporcleCon
Opinionation
Our Games
Videos
Blog
Mobile Apps
Partnerships
Remove Ads and Go Orange
Feedback
Music
Pop Music
The Beatles
Song
Album
Lyrics
Bands
Singers
Artist
Clip
Rock
Rap
Classical
Billboard
Country Music
Kpop
Taylor Swift
Music
Pop Music
The Beatles
Song
Album
Lyrics
Bands
Singers
Artist
Clip
Rock
Rap
Classical
Billboard
Country Music
Kpop
Taylor Swift
Random Quiz
Search Sporcle
×
Quiz Lab
Quiz Lab
Music
Kpop
Click on answers out of a set of options
Click on answers out of a set of options
Multiple Choice
Best Score? Go Orange.
How Many Members are in the Kpop Group? Stats
Can you Guess how Many Members are in the Kpop Group??
By
KpopBiased
10m
10 Questions
15.7K Plays
15,730 Plays
15,730 Plays
Comments
Comments
Give Quiz Kudos
Give Quiz Kudos
-
- Ratings
hide this ad
Random Order
Randomize order of answers
Randomize order of answers
Replay
Link that replays current quiz
Next Quiz
Link to next quiz in quiz playlist
You Got
0%
They Got
Avg Score
86%
Avg Friend Score
Upgrade to see
Score Distribution
Jump to the score distribution portion of the page
Score
0/10
Timer
10:00
0
Plays Today
Question
Answer
Wrong Answers
How many members in BTS?
7
98.3%
10
0.3%
9
0.9%
5
0.5%
How many members in Black Pink?
4
97.2%
5
1.2%
3
0.3%
6
0.5%
How many members in Red Velvet?
5
92.4%
4
4%
7
1.6%
9
1.9%
How many members in SEVENTEEN?
13
91.3%
17
5.8%
10
1.6%
6
0.6%
How many members in TWICE?
9
88%
8
4.1%
4
0.7%
12
6.6%
How many members in Big Bang?
5
86.6%
2
0.5%
6
8.7%
8
3.8%
How many members in MAMAMOO?
4
86.4%
5
5.8%
6
6.3%
2
0.5%
How many members in GFriend?
6
81.1%
3
1.2%
5
13.2%
4
3%
How many members in Wanna One?
11
70%
10
7.6%
9
8.2%
12
13.3%
How many members in Monsta X?
7
69.7%
6
15.3%
9
4.7%
8
9%
Quiz Playlist
Details
Report
Send in Message
Add To Playlist
Multiple Choice:
Click on answers out of a set of options
Random Order:
Randomize order of answers
Quiz Source
Last Updated: Jan 20, 2018
Quiz Scoreboard
CHALLENGE
Sign Up to Join the Scoreboard
Show All
Scores
Hide
Comments
May contain spoilers
Recently Published
Movies - When Are They Set?
by FPL_Elf
Movies
5m
Popular People in 1961
by mucciniale
History
6m
1-10 Letter E Words III
by El_Dandy
Language
2m
More to Explore
Quiz From the Vault
Featured Blog Post
Where Did the Easter Bunny Come From?
hide this ad
You Might Also Like...
Tags
Kpop Quiz
Big Bang
BTS
GFriend
Kpop Idol
Kpop Quiz
mamamoo
Monsta X
Red Velvet
Seventeen
Twice
Wanna One
Today's Top Quizzes in Music
Browse Music
hide this ad
Today's Top Quizzes in Kpop
Browse Kpop
Top Contributed Quizzes in Music
1
Taylor Swift All Songs (2024)
2
2010s Album by Cover III
3
One Thing in Common: Music
4
Taylor Swift Logic Puzzle
5
Guess the Artist- 70s Songs
6
2010s Album by Cover IV
7
Guess the Taylor Swift song (Mystery Song)
8
2010s Album by Cover V
9
Lana Del Rey Discography (BTD to DYKTTATUOB)
10
2010s Album by Cover VI
Explore More
Trending Topics
Crossword
Harry Potter
Kpop
Anime
Marvel
Disney
NBA
Song
Pokémon
The Office
WWE
Country
Puzzle
Soccer
NFL
hide this ad
More By:
KpopBiased
Quiz
Plays
Rating
Category
Featured
Created
How Many Members are in the Kpop Group?
15,730
4.77
Music
Jan 20, 2018
f(x) Trivia Quiz
564
5.00
Music
Jan 20, 2018
Go to Creator's Profile
Score Distribution
Quiz Creator Spotlight
KpopBiased
Follow
Send a Message
Quizzes Created
-
Created Quiz Play Count
-
More By This Creator
Popular Quizzes Today
1
Find the US States - No Outlines Minefield
2
Find the Countries of Europe - No Outlines Minefield
3
The Countries of the World
4
Popular People in 1961
5
1-10 Letter E Words III
6
US States
7
Find the US States
8
One Thing in Common: World Cities II
More Music Quizzes
The Last Word: Albums II
Published
Trending Quizzes
Risky Map Clicking: Least Populous States A-Z
1-10 Letter F Words
1-10 Letter G Words
One Thing in Common: United Kingdom
Risky Map Clicking: Next State Alphabetically
Recently Updated
Leaping Animals
pecheneg
Reality TV Shows (A-Z)
bhenderson79
Rickey Henderson's Hall of Fame Teammates
pecheneg
Champions League XIs: Arsenal
pecheneg
Quick Pick: Celebrities in WWE's Hall of Fame
aduchscher
A-Z Keypad Blitz II
pecheneg
Multiple Oscar Actors
pecheneg
Mystery Phrase Blitz: Oscar 'Best Actors'
pecheneg
F. Scott Fitzgerald Novels
LTH
Pick 3 Villains
ddd62291
Trending Topics
Harry Potter
Disney
NBA
Crossword
Anime
Kpop
Marvel
NFL
Country
Soccer
Song
The Office
Pokémon
WWE
Puzzle
Your Account Isn't Verified!
In order to create a playlist on Sporcle, you need to verify the email address you used during registration. Go to your
Sporcle Settings
to finish the process.
Report this User
Report this user for behavior that violates our
Community Guidelines
.
Details:
Send Report
Go to the Sporcle.com Mobile Site →
Comments